The Good Luck Charm (Record no. 3241)

MARC details
000 -LEADER
fixed length control field 00336nam a22001337a 4500
008 - FIXED-LENGTH DATA ELEMENTS--GENERAL INFORMATION
fixed length control field 250428b |||||||| |||| 00| 0 eng d
020 ## - INTERNATIONAL STANDARD BOOK NUMBER
ISBN 9781538760147
245 ## - TITLE STATEMENT
Title The Good Luck Charm
260 ## - PUBLICATION, DISTRIBUTION, ETC. (IMPRINT)
Place of publication New York
Name of publisher Hachette Book Group
Date of publication 2018
300 ## - COLLATION
Pagination viii,340p
650 ## - TRACINGS
Main Subject Romance
Subdivision (1st) Love stories
942 ## - ADDED ENTRY ELEMENTS (KOHA)
Item type Books
050 ## - LIBRARY OF CONGRESS CALL NUMBER
Classification number PS3608
Item number .G66
Holdings
Source of classification or shelving scheme Not for loan Permanent location Current location Date acquired Accession No. Full call number Barcode. Koha item type
Dewey Decimal Classification   Samuel Ogbemudia Main Library, University of Abuja Samuel Ogbemudia Main Library, University of Abuja 04/28/2025 2024/64360 PS3608.G66 2025-1692 Books